[Event "DVM U16 2020"]
[Site "Willingen GER"]
[Date "2021.06.27"]
[Round "7"]
[White "Sulayev, Daniel"]
[Black "Bethke, Richard"]
[Result "1/2-1/2"]
[Termination "normal"]
[Board "4.1"]
[BlackTitle "FM"]
[WhiteElo "2209"]
[BlackElo "2332"]
[WhiteClock "00:57:45"]
[BlackClock "00:57:10"]
[WhiteTeam "SV Empor Berlin e.V."]
[BlackTeam "SF Neuberg"]
[PlyCount "45"]
[WhiteFideId "12977675"]
[BlackFideId "12959243"]
[EventCountry "GER"]
[EventRounds "7"]
[EventType "team-swiss"]
[EventDate "2021.06.23"]

1. c4 {[%clk 1:30:51]} 1... e6 {[%clk 1:30:56]} 2. Nc3 {[%clk 1:31:12]} 2... d5
{[%clk 1:31:21]} 3. e3 {[%clk 1:31:35]} 3... Nf6 {[%clk 1:31:42]} 4. Nf3 {
[%clk 1:31:50]} 4... Be7 {[%clk 1:32:02]} 5. b3 {[%clk 1:32:15]} 5... O-O {
[%clk 1:32:26]} 6. Bb2 {[%clk 1:32:41]} 6... c5 {[%clk 1:32:49]} 7. cxd5 {
[%clk 1:33:05]} 7... exd5 {[%clk 1:32:15]} 8. d4 {[%clk 1:33:19]} 8... Nc6 {
[%clk 1:29:33]} 9. Be2 {[%clk 1:31:56]} 9... Ne4 {[%clk 1:28:21]} 10. dxc5 {
[%clk 1:32:13]} 10... Nxc3 {[%clk 1:24:22]} 11. Bxc3 {[%clk 1:32:20]} 11...
Bxc5 {[%clk 1:24:50]} 12. O-O {[%clk 1:31:31]} 12... Bg4 {[%clk 1:20:57]} 13.
Rc1 {[%clk 1:26:31]} 13... Qd6 {[%clk 1:18:16]} 14. Nd4 {[%clk 1:12:51]} 14...
Bxd4 {[%clk 1:09:36]} 15. Bxg4 {[%clk 1:13:10]} 15... Bb6 {[%clk 1:09:00]} 16.
Bf3 {[%clk 1:11:41]} 16... Rfd8 {[%clk 1:08:17]} 17. Qd2 {[%clk 1:09:15]} 17...
Ne5 {[%clk 0:59:10]} 18. Be2 {[%clk 0:58:35]} 18... d4 {[%clk 0:57:43]} 19.
exd4 {[%clk 0:58:41]} 19... Bxd4 {[%clk 0:56:58]} 20. Qxd4 {[%clk 0:58:56]}
20... Qxd4 {[%clk 0:57:23]} 21. Bxd4 {[%clk 0:58:11]} 21... Rxd4 { [%clk
0:57:48]} 22. Rfd1 {[%clk 0:57:45]} 22... Rxd1+ {[%clk 0:57:10]} 23. Rxd1
1/2-1/2

[Event "DVM U16 2020"]
[Site "Willingen GER"]
[Date "2021.06.27"]
[Round "7"]
[White "Breitzmann, Sander"]
[Black "Kolzenburg, Jan Niklas"]
[Result "1-0"]
[Termination "normal"]
[Board "4.3"]
[WhiteElo "1821"]
[BlackElo "1671"]
[WhiteClock "00:11:09"]
[BlackClock "00:00:35"]
[WhiteTeam "SV Empor Berlin e.V."]
[BlackTeam "SF Neuberg"]
[PlyCount "69"]
[WhiteFideId "12987085"]
[BlackFideId "16274830"]
[EventCountry "GER"]
[EventRounds "7"]
[EventType "team-swiss"]
[EventDate "2021.06.23"]

1. e4 {[%clk 1:30:57]} 1... e5 {[%clk 1:30:56]} 2. Nf3 {[%clk 1:31:24]} 2...
Nc6 {[%clk 1:31:14]} 3. Bc4 {[%clk 1:31:49]} 3... Bc5 {[%clk 1:31:04]} 4. d3 {
[%clk 1:32:16]} 4... Nf6 {[%clk 1:28:49]} 5. Bb3 {[%clk 1:32:41]} 5... d6 {
[%clk 1:26:59]} 6. c3 {[%clk 1:33:02]} 6... a6 {[%clk 1:26:28]} 7. Nbd2 { [%clk
1:33:28]} 7... Ba7 {[%clk 1:26:43]} 8. h3 {[%clk 1:33:16]} 8... h6 { [%clk
1:25:59]} 9. Nf1 {[%clk 1:30:31]} 9... Qe7 {[%clk 1:23:10]} 10. g4 { [%clk
1:23:22]} 10... g5 {[%clk 1:07:26]} 11. Ng3 {[%clk 1:20:38]} 11... Rg8 { [%clk
1:05:13]} 12. Nf5 {[%clk 1:20:05]} 12... Bxf5 {[%clk 1:05:02]} 13. gxf5 { [%clk
1:20:26]} 13... g4 {[%clk 0:53:56]} 14. Ng1 {[%clk 1:14:10]} 14... g3 { [%clk
0:49:05]} 15. Be3 {[%clk 1:08:32]} 15... gxf2+ {[%clk 0:44:33]} 16. Bxf2 {[%clk
1:08:43]} 16... Bxf2+ {[%clk 0:44:58]} 17. Kxf2 {[%clk 1:09:07]} 17... O-O-O
{[%clk 0:40:10]} 18. Qf3 {[%clk 0:56:42]} 18... d5 {[%clk 0:25:59]} 19. Ke2
{[%clk 0:33:40]} 19... dxe4 {[%clk 0:23:26]} 20. dxe4 {[%clk 0:34:08]} 20...
Rg7 {[%clk 0:22:52]} 21. Rd1 {[%clk 0:20:16]} 21... Rdg8 {[%clk 0:22:24]} 22.
Kf1 {[%clk 0:20:03]} 22... Rg3 {[%clk 0:17:20]} 23. Qe2 {[%clk 0:20:14]} 23...
Qc5 {[%clk 0:09:53]} 24. Nf3 {[%clk 0:20:33]} 24... Nh5 {[%clk 0:06:42]} 25.
Qf2 {[%clk 0:17:08]} 25... Qxf2+ {[%clk 0:04:34]} 26. Kxf2 {[%clk 0:17:37]}
26... Rg2+ {[%clk 0:04:44]} 27. Kf1 {[%clk 0:17:25]} 27... R8g7 {[%clk 0:04:11]
} 28. Bxf7 {[%clk 0:14:18]} 28... Nf4 {[%clk 0:02:58]} 29. Bd5 {[%clk 0:12:31]}
29... Rxb2 {[%clk 0:00:57]} 30. Rh2 {[%clk 0:12:44]} 30... Rxh2 {[%clk 0:00:48]
} 31. Nxh2 {[%clk 0:13:13]} 31... Nxd5 {[%clk 0:00:42]} 32. Rxd5 { [%clk
0:12:54]} 32... Rf7 {[%clk 0:00:36]} 33. Ng4 {[%clk 0:13:07]} 33... h5 34. Nxe5
{[%clk 0:13:06]} 34... Re7 {[%clk 0:00:35]} 35. f6 {[%clk 0:11:09]} 1-0

[Event "DVM U16 2020"]
[Site "Willingen GER"]
[Date "2021.06.27"]
[Round "7"]
[White "Emmerich, Julian"]
[Black "Ellert, Oliver"]
[Result "0-1"]
[Termination "normal"]
[Board "4.4"]
[WhiteElo "1369"]
[BlackElo "1686"]
[WhiteClock "00:02:22"]
[BlackClock "00:07:03"]
[WhiteTeam "SF Neuberg"]
[BlackTeam "SV Empor Berlin e.V."]
[PlyCount "66"]
[WhiteFideId "16274822"]
[BlackFideId "16246241"]
[EventCountry "GER"]
[EventRounds "7"]
[EventType "team-swiss"]
[EventDate "2021.06.23"]

1. e4 {[%clk 1:30:58]} 1... d5 {[%clk 1:30:56]} 2. exd5 {[%clk 1:31:20]} 2...
Qxd5 {[%clk 1:31:20]} 3. Nc3 {[%clk 1:31:42]} 3... Qa5 {[%clk 1:31:41]} 4. d4 {
[%clk 1:31:53]} 4... Nf6 {[%clk 1:31:47]} 5. Bc4 {[%clk 1:31:54]} 5... c6 {
[%clk 1:31:54]} 6. Nf3 {[%clk 1:31:15]} 6... Bg4 {[%clk 1:31:46]} 7. O-O {
[%clk 1:31:21]} 7... e6 {[%clk 1:32:09]} 8. Re1 {[%clk 1:25:46]} 8... Be7 {
[%clk 1:32:27]} 9. h3 {[%clk 1:22:12]} 9... Bh5 {[%clk 1:32:24]} 10. Qe2 {
[%clk 1:20:57]} 10... Qd8 {[%clk 1:27:17]} 11. Bf4 {[%clk 1:17:42]} 11... Bxf3
{[%clk 1:26:29]} 12. Qxf3 {[%clk 1:18:06]} 12... Qxd4 {[%clk 1:26:37]} 13. Bxe6
{[%clk 1:15:02]} 13... fxe6 {[%clk 1:25:15]} 14. Rxe6 {[%clk 1:15:23]} 14...
Kf7 {[%clk 1:15:48]} 15. Rae1 {[%clk 1:10:03]} 15... Bd8 {[%clk 0:10:04]} 16.
Be5 {[%clk 0:43:06]} 16... Qd7 {[%clk 0:10:06]} 17. Bxf6 {[%clk 0:26:03]} 17...
Bxf6 {[%clk 0:09:38]} 18. Ne4 {[%clk 0:24:44]} 18... Kxe6 {[%clk 0:07:25]} 19.
Nc5+ {[%clk 0:23:45]} 19... Kd6 {[%clk 0:06:07]} 20. Nxd7 {[%clk 0:22:25]}
20... Kxd7 {[%clk 0:06:33]} 21. Qf5+ {[%clk 0:21:44]} 21... Kc7 {[%clk 0:06:51]
} 22. c3 {[%clk 0:16:42]} 22... Nd7 {[%clk 0:07:09]} 23. g4 {[%clk 0:09:31]}
23... Raf8 {[%clk 0:05:38]} 24. Kg2 {[%clk 0:05:59]} 24... Bh4 {[%clk 0:05:44]}
25. Qa5+ {[%clk 0:04:11]} 25... Kb8 {[%clk 0:06:08]} 26. Re2 {[%clk 0:04:15]}
26... h5 {[%clk 0:05:31]} 27. c4 {[%clk 0:02:35]} 27... Rf7 {[%clk 0:05:25]}
28. Qd2 {[%clk 0:01:57]} 28... Rhf8 {[%clk 0:05:19]} 29. b4 {[%clk 0:01:12]}
29... Rxf2+ {[%clk 0:05:28]} 30. Rxf2 {[%clk 0:01:00]} 30... Rxf2+ { [%clk
0:05:54]} 31. Qxf2 {[%clk 0:01:25]} 31... Bxf2 {[%clk 0:06:19]} 32. Kxf2 {[%clk
0:01:53]} 32... hxg4 {[%clk 0:06:43]} 33. hxg4 {[%clk 0:02:22]} 33... Ne5
{[%clk 0:07:03]} 0-1

[Event "DVM U16 2020"]
[Site "Willingen GER"]
[Date "2021.06.27"]
[Round "7"]
[White "Yi, Danny"]
[Black "Pahl, Erik"]
[Result "1-0"]
[Termination "normal"]
[Board "5.1"]
[WhiteTitle "FM"]
[WhiteElo "2253"]
[BlackElo "2110"]
[WhiteClock "00:20:02"]
[BlackClock "00:27:48"]
[WhiteTeam "SF 59 Kornwestheim"]
[BlackTeam "Delmenhorster SK"]
[PlyCount "53"]
[WhiteFideId "12988588"]
[BlackFideId "16201272"]
[EventCountry "GER"]
[EventRounds "7"]
[EventType "team-swiss"]
[EventDate "2021.06.23"]

1. e4 {[%clk 1:30:57]} 1... c5 {[%clk 1:30:53]} 2. Nf3 {[%clk 1:31:10]} 2... d6
{[%clk 1:31:17]} 3. d4 {[%clk 1:31:13]} 3... cxd4 {[%clk 1:31:42]} 4. Nxd4 {
[%clk 1:31:38]} 4... Nf6 {[%clk 1:32:06]} 5. Nc3 {[%clk 1:32:01]} 5... a6 {
[%clk 1:32:11]} 6. f4 {[%clk 1:32:02]} 6... e5 {[%clk 1:31:14]} 7. Nf3 { [%clk
1:31:26]} 7... Nbd7 {[%clk 1:31:11]} 8. Bd3 {[%clk 1:28:05]} 8... Qc7 { [%clk
1:31:20]} 9. a3 {[%clk 1:26:11]} 9... Be7 {[%clk 1:30:33]} 10. O-O { [%clk
1:25:24]} 10... O-O {[%clk 1:28:18]} 11. Qe1 {[%clk 1:19:31]} 11... Re8 { [%clk
1:20:08]} 12. Kh1 {[%clk 1:16:38]} 12... Nc5 {[%clk 1:19:44]} 13. fxe5 { [%clk
1:09:22]} 13... dxe5 {[%clk 1:20:08]} 14. Qg3 {[%clk 1:06:07]} 14... Bd8 {[%clk
1:19:58]} 15. Bg5 {[%clk 0:57:53]} 15... h6 {[%clk 0:44:15]} 16. Be3 { [%clk
0:42:22]} 16... Kh8 {[%clk 0:37:39]} 17. Nh4 {[%clk 0:37:34]} 17... Nh5 { [%clk
0:36:45]} 18. Qf2 {[%clk 0:36:32]} 18... Nf4 {[%clk 0:34:58]} 19. Bxc5 { [%clk
0:27:45]} 19... Bxh4 {[%clk 0:35:03]} 20. g3 {[%clk 0:27:23]} 20... Bh3 { [%clk
0:34:48]} 21. Rg1 {[%clk 0:23:20]} 21... Nxd3 {[%clk 0:33:37]} 22. cxd3 { [%clk
0:20:44]} 22... Be7 {[%clk 0:33:30]} 23. Bxe7 {[%clk 0:20:19]} 23... Qxe7
{[%clk 0:33:14]} 24. g4 {[%clk 0:20:13]} 24... h5 {[%clk 0:31:15]} 25. Nd5 {
[%clk 0:19:46]} 25... Qd6 {[%clk 0:29:31]} 26. Qh4 {[%clk 0:19:41]} 26... Bxg4
{[%clk 0:27:48]} 27. Rxg4 {[%clk 0:20:02]} 1-0

[Event "DVM U16 2020"]
[Site "Willingen GER"]
[Date "2021.06.27"]
[Round "7"]
[White "Pahl, Theis"]
[Black "Afonso, Nils"]
[Result "1-0"]
[Termination "normal"]
[Board "5.2"]
[WhiteElo "2123"]
[BlackElo "1960"]
[WhiteClock "01:03:24"]
[BlackClock "00:15:43"]
[WhiteTeam "Delmenhorster SK"]
[BlackTeam "SF 59 Kornwestheim"]
[PlyCount "43"]
[WhiteFideId "16201264"]
[BlackFideId "12990582"]
[EventCountry "GER"]
[EventRounds "7"]
[EventType "team-swiss"]
[EventDate "2021.06.23"]

1. e4 {[%clk 1:30:58]} 1... e5 {[%clk 1:30:55]} 2. Nc3 {[%clk 1:30:04]} 2...
Nf6 {[%clk 1:31:14]} 3. Bc4 {[%clk 1:30:28]} 3... Bc5 {[%clk 1:31:36]} 4. f4 {
[%clk 1:30:36]} 4... d6 {[%clk 1:30:22]} 5. Nf3 {[%clk 1:30:41]} 5... Nc6 {
[%clk 1:27:21]} 6. d3 {[%clk 1:30:35]} 6... h6 {[%clk 1:04:54]} 7. Na4 { [%clk
1:22:29]} 7... Bb6 {[%clk 1:01:29]} 8. Nxb6 {[%clk 1:22:18]} 8... axb6 { [%clk
1:01:53]} 9. fxe5 {[%clk 1:20:24]} 9... dxe5 {[%clk 1:00:23]} 10. Be3 { [%clk
1:18:44]} 10... Ng4 {[%clk 0:54:46]} 11. Bd2 {[%clk 1:15:00]} 11... Nd4 { [%clk
0:53:59]} 12. c3 {[%clk 1:09:12]} 12... Nxf3+ {[%clk 0:53:55]} 13. Qxf3 { [%clk
1:09:28]} 13... O-O {[%clk 0:54:11]} 14. O-O {[%clk 1:09:26]} 14... Kh7 { [%clk
0:48:35]} 15. Qg3 {[%clk 1:06:16]} 15... Qe7 {[%clk 0:45:24]} 16. h3 { [%clk
1:04:56]} 16... Nf6 {[%clk 0:43:10]} 17. Qh4 {[%clk 1:05:08]} 17... Be6 { [%clk
0:30:27]} 18. Bxh6 {[%clk 1:03:46]} 18... gxh6 {[%clk 0:14:29]} 19. Rxf6 {[%clk
1:03:35]} 19... Qc5+ {[%clk 0:14:53]} 20. d4 {[%clk 1:02:40]} 20... exd4 {[%clk
0:15:18]} 21. Rxh6+ {[%clk 1:03:02]} 21... Kg7 {[%clk 0:15:43]} 22. Qf6+ {[%clk
1:03:24]} 1-0

[Event "DVM U16 2020"]
[Site "Willingen GER"]
[Date "2021.06.27"]
[Round "7"]
[White "Kluge, Malte"]
[Black "Sinnhöfer, Joshua"]
[Result "1/2-1/2"]
[Termination "normal"]
[Board "5.3"]
[WhiteElo "1652"]
[BlackElo "1712"]
[WhiteClock "00:22:07"]
[BlackClock "00:31:10"]
[WhiteTeam "SF 59 Kornwestheim"]
[BlackTeam "Delmenhorster SK"]
[PlyCount "92"]
[WhiteFideId "16243838"]
[BlackFideId "16201361"]
[EventCountry "GER"]
[EventRounds "7"]
[EventType "team-swiss"]
[EventDate "2021.06.23"]

1. d4 {[%clk 1:30:50]} 1... Nf6 {[%clk 1:30:31]} 2. c4 {[%clk 1:31:10]} 2...
Nc6 {[%clk 1:30:30]} 3. Nc3 {[%clk 1:28:26]} 3... e6 4. g3 {[%clk 1:24:00]}
4... Bb4 {[%clk 1:25:02]} 5. Bg2 {[%clk 1:22:56]} 5... O-O {[%clk 1:22:33]} 6.
Nf3 {[%clk 1:20:22]} 6... d5 {[%clk 1:18:32]} 7. O-O {[%clk 1:17:47]} 7... Ne4
{[%clk 1:09:05]} 8. Qc2 {[%clk 1:13:22]} 8... Bxc3 {[%clk 1:03:24]} 9. bxc3 {
[%clk 1:12:21]} 9... Na5 {[%clk 0:58:23]} 10. c5 {[%clk 1:07:03]} 10... Nc4 {
[%clk 0:55:19]} 11. Nd2 {[%clk 1:04:41]} 11... Nexd2 {[%clk 0:54:10]} 12. Bxd2
{[%clk 1:04:53]} 12... b6 {[%clk 0:52:12]} 13. c6 {[%clk 1:00:14]} 13... Qd6 {
[%clk 0:51:33]} 14. Bf4 {[%clk 0:59:15]} 14... Qxc6 {[%clk 0:51:11]} 15. e4 {
[%clk 0:54:36]} 15... Bb7 {[%clk 0:46:52]} 16. e5 {[%clk 0:51:34]} 16... Qd7 {
[%clk 0:42:50]} 17. Qd3 {[%clk 0:47:46]} 17... Qa4 {[%clk 0:38:18]} 18. Qd1 {
[%clk 0:42:16]} 18... Qxd1 {[%clk 0:37:04]} 19. Rfxd1 {[%clk 0:42:23]} 19... c5
{[%clk 0:31:12]} 20. Rab1 {[%clk 0:40:22]} 20... Bc6 {[%clk 0:28:52]} 21. Bf1 {
[%clk 0:35:48]} 21... cxd4 {[%clk 0:25:09]} 22. cxd4 {[%clk 0:35:27]} 22... b5
{[%clk 0:24:09]} 23. Bg5 {[%clk 0:29:05]} 23... f6 {[%clk 0:21:02]} 24. exf6 {
[%clk 0:28:20]} 24... gxf6 {[%clk 0:21:06]} 25. Bh6 {[%clk 0:26:47]} 25... Rfc8
{[%clk 0:18:33]} 26. Bh3 {[%clk 0:25:17]} 26... Kf7 {[%clk 0:18:23]} 27. Re1 {
[%clk 0:24:48]} 27... Bd7 {[%clk 0:18:30]} 28. Bg4 {[%clk 0:20:12]} 28... Kg6 {
[%clk 0:14:00]} 29. Bf4 {[%clk 0:17:45]} 29... f5 {[%clk 0:12:03]} 30. Be2 {
[%clk 0:15:19]} 30... a5 {[%clk 0:11:24]} 31. g4 {[%clk 0:11:11]} 31... a4 {
[%clk 0:09:50]} 32. h4 {[%clk 0:08:47]} 32... Na3 {[%clk 0:09:01]} 33. Rb2 {
[%clk 0:06:07]} 33... Rc2 {[%clk 0:07:25]} 34. gxf5+ {[%clk 0:05:15]} 34...
exf5 {[%clk 0:07:47]} 35. h5+ {[%clk 0:05:02]} 35... Kf7 36. Rxc2 { [%clk
0:03:47]} 36... Nxc2 {[%clk 0:07:47]} 37. Rc1 {[%clk 0:02:16]} 37... Nxd4
{[%clk 0:08:06]} 38. Bd1 {[%clk 0:02:20]} 38... Rc8 {[%clk 0:07:05]} 39. Rxc8 {
[%clk 0:01:59]} 39... Bxc8 {[%clk 0:07:31]} 40. Be5 {[%clk 0:01:59]} 40... Ne6
{[%clk 0:06:53]} 41. Bd6 {[%clk 0:00:35]} 41... Kg7 {[%clk 0:04:36]} 42. Be2 {
[%clk 0:29:00]} 42... Bd7 {[%clk 0:34:18]} 43. Kh2 {[%clk 0:26:23]} 43... Kh6 {
[%clk 0:33:48]} 44. Bd1 {[%clk 0:24:32]} 44... Kg5 {[%clk 0:33:08]} 45. Be7+ {
[%clk 0:22:06]} 45... Kf4 {[%clk 0:31:23]} 46. Bd6+ {[%clk 0:22:07]} 46... Kg5
{[%clk 0:31:10]} 1/2-1/2

[Event "DVM U16 2020"]
[Site "Willingen GER"]
[Date "2021.06.27"]
[Round "7"]
[White "Alhamid, Mohamad"]
[Black "Afonso, Phil"]
[Result "1-0"]
[Termination "normal"]
[Board "5.4"]
[WhiteElo "1664"]
[BlackElo "1542"]
[WhiteClock "00:51:44"]
[BlackClock "01:04:50"]
[WhiteTeam "Delmenhorster SK"]
[BlackTeam "SF 59 Kornwestheim"]
[PlyCount "43"]
[WhiteFideId "16235665"]
[BlackFideId "16207475"]
[EventCountry "GER"]
[EventRounds "7"]
[EventType "team-swiss"]
[EventDate "2021.06.23"]

1. e4 {[%clk 1:30:58]} 1... e5 {[%clk 1:30:53]} 2. Nf3 {[%clk 1:31:25]} 2...
Nc6 {[%clk 1:31:17]} 3. Bc4 {[%clk 1:31:52]} 3... Bc5 {[%clk 1:31:42]} 4. c3 {
[%clk 1:31:27]} 4... Nf6 {[%clk 1:32:03]} 5. d3 {[%clk 1:31:21]} 5... d6 {
[%clk 1:32:11]} 6. Nbd2 {[%clk 1:31:11]} 6... O-O {[%clk 1:32:24]} 7. h3 {
[%clk 1:31:34]} 7... Ne7 {[%clk 1:32:42]} 8. O-O {[%clk 1:31:41]} 8... Ng6 {
[%clk 1:33:06]} 9. Re1 {[%clk 1:31:54]} 9... Nf4 {[%clk 1:32:15]} 10. Nf1 {
[%clk 1:31:10]} 10... N6h5 {[%clk 1:31:15]} 11. d4 {[%clk 1:20:26]} 11... exd4
{[%clk 1:23:58]} 12. b4 {[%clk 1:17:14]} 12... Bb6 {[%clk 1:23:43]} 13. cxd4 {
[%clk 1:17:16]} 13... Qf6 {[%clk 1:21:57]} 14. Ng3 {[%clk 1:02:36]} 14... Qg6 {
[%clk 1:16:06]} 15. Nh4 {[%clk 1:00:56]} 15... Qf6 {[%clk 1:11:12]} 16. Nxh5 {
[%clk 1:00:38]} 16... Nxh5 {[%clk 1:11:12]} 17. Qxh5 {[%clk 0:53:08]} 17...
Bxd4 {[%clk 1:10:22]} 18. Bg5 {[%clk 0:51:28]} 18... Qxf2+ {[%clk 1:09:12]} 19.
Kh1 {[%clk 0:51:45]} 19... Bxa1 {[%clk 1:06:41]} 20. Rf1 {[%clk 0:51:04]} 20...
Qd4 {[%clk 1:04:36]} 21. Bxf7+ {[%clk 0:51:24]} 21... Kh8 {[%clk 1:04:50]} 22.
Ng6# {[%clk 0:51:44]} 1-0

[Event "DVM U16 2020"]
[Site "Willingen GER"]
[Date "2021.06.27"]
[Round "7"]
[White "Farokhi, Keyvan"]
[Black "Weishäutel, Moritz"]
[Result "0-1"]
[Termination "normal"]
[Board "6.1"]
[WhiteElo "2059"]
[BlackElo "2207"]
[WhiteClock "00:17:49"]
[BlackClock "00:20:51"]
[WhiteTeam "SK Doppelbauer Kiel"]
[BlackTeam "Erfurter Schachklub"]
[PlyCount "104"]
[WhiteFideId "12998630"]
[BlackFideId "12967300"]
[EventCountry "GER"]
[EventRounds "7"]
[EventType "team-swiss"]
[EventDate "2021.06.23"]

1. d4 {[%clk 1:30:56]} 1... Nf6 {[%clk 1:30:51]} 2. Bf4 {[%clk 1:31:19]} 2...
c5 {[%clk 1:31:05]} 3. dxc5 {[%clk 1:31:33]} 3... Na6 {[%clk 1:30:56]} 4. Qd4 {
[%clk 1:31:52]} 4... Qa5+ {[%clk 1:30:29]} 5. Nc3 {[%clk 1:32:08]} 5... Nxc5 {
[%clk 1:30:15]} 6. Bd2 {[%clk 1:32:20]} 6... Qb6 {[%clk 1:29:41]} 7. Nf3 {
[%clk 1:28:44]} 7... d6 {[%clk 1:24:52]} 8. Na4 {[%clk 1:21:08]} 8... Nxa4 {
[%clk 1:22:54]} 9. Qxa4+ {[%clk 1:21:30]} 9... Bd7 {[%clk 1:23:15]} 10. Qb3 {
[%clk 1:21:55]} 10... Qxb3 {[%clk 1:18:32]} 11. axb3 {[%clk 1:21:47]} 11... g6
{[%clk 1:18:54]} 12. Bc3 {[%clk 1:19:19]} 12... Bg7 {[%clk 1:19:14]} 13. g3 {
[%clk 1:18:01]} 13... Bc6 {[%clk 1:17:26]} 14. Bg2 {[%clk 1:14:19]} 14... Be4 {
[%clk 1:16:17]} 15. O-O {[%clk 1:07:59]} 15... O-O {[%clk 1:13:17]} 16. Nd2 {
[%clk 1:02:38]} 16... Bxg2 {[%clk 1:12:00]} 17. Kxg2 {[%clk 1:03:07]} 17... a6
{[%clk 1:09:23]} 18. e4 {[%clk 1:00:11]} 18... Rac8 {[%clk 1:05:10]} 19. Rfd1 {
[%clk 0:55:34]} 19... Rc6 {[%clk 1:02:09]} 20. Kf3 {[%clk 0:54:17]} 20... Rfc8
{[%clk 0:59:17]} 21. Bxf6 {[%clk 0:52:08]} 21... Bxf6 {[%clk 0:59:37]} 22. c3 {
[%clk 0:52:34]} 22... Rc5 {[%clk 0:54:14]} 23. b4 {[%clk 0:50:22]} 23... Rb5 {
[%clk 0:54:08]} 24. Nf1 {[%clk 0:47:42]} 24... Bg7 {[%clk 0:49:44]} 25. Ne3 {
[%clk 0:46:14]} 25... f5 {[%clk 0:44:33]} 26. Rd5 {[%clk 0:40:06]} 26... fxe4+
{[%clk 0:42:47]} 27. Kxe4 {[%clk 0:40:34]} 27... Rb6 {[%clk 0:42:52]} 28. Rd2 {
[%clk 0:35:58]} 28... e6 {[%clk 0:41:52]} 29. Nc2 {[%clk 0:31:56]} 29... d5+ {
[%clk 0:40:05]} 30. Ke3 {[%clk 0:31:41]} 30... g5 {[%clk 0:29:34]} 31. f4 {
[%clk 0:26:57]} 31... gxf4+ {[%clk 0:29:18]} 32. gxf4 {[%clk 0:27:26]} 32...
Rc4 {[%clk 0:27:13]} 33. Nd4 {[%clk 0:26:41]} 33... e5 {[%clk 0:25:40]} 34. Nf5
{[%clk 0:21:50]} 34... Re4+ {[%clk 0:26:01]} 35. Kd3 {[%clk 0:22:19]} 35...
exf4 {[%clk 0:25:55]} 36. Rg1 {[%clk 0:20:39]} 36... Rg6 {[%clk 0:26:20]} 37.
Rdg2 {[%clk 0:17:50]} 37... Ree6 {[%clk 0:25:34]} 38. h4 {[%clk 0:16:30]} 38...
Kf7 {[%clk 0:23:35]} 39. h5 {[%clk 0:13:46]} 39... Rxg2 {[%clk 0:23:58]} 40.
Rxg2 {[%clk 0:14:13]} 40... Bf8 {[%clk 0:22:21]} 41. Rf2 {[%clk 0:13:24]} 41...
Re4 {[%clk 0:21:44]} 42. Nd4 {[%clk 0:03:46]} 42... Kf6 {[%clk 0:17:34]} 43.
Rf3 {[%clk 0:29:21]} 43... Kg5 {[%clk 0:42:22]} 44. Nb3 {[%clk 0:26:52]} 44...
Kg4 {[%clk 0:40:34]} 45. Nd2 {[%clk 0:26:27]} 45... Bh6 {[%clk 0:25:05]} 46.
Rf1 {[%clk 0:18:07]} 46... Re3+ {[%clk 0:25:20]} 47. Kd4 {[%clk 0:18:27]} 47...
f3 {[%clk 0:22:41]} 48. Rg1+ {[%clk 0:18:09]} 48... Kh3 {[%clk 0:22:07]} 49.
Nf1 {[%clk 0:17:30]} 49... f2 {[%clk 0:20:08]} 50. Rh1+ {[%clk 0:17:44]} 50...
Kg2 {[%clk 0:20:32]} 51. Nxe3+ {[%clk 0:17:37]} 51... Kxh1 {[%clk 0:20:57]} 52.
Nf5 {[%clk 0:17:49]} 52... Bf4 {[%clk 0:20:51]} 0-1